000 002580000a22000970004500
100 1 _aEmerton, J. A.
245 1 0 _aThe source analysis of Genesis 11:27-32
300 _aVol. 42, Num. 1 (Enero, 1992), Páginas 37-46
773 0 _tVetus Testamentum
942 _cANA
999 _c57710
_d57710